[Event "Stuttgart-chB int"]
[Site "Ditzingen"]
[Date "2014.05.30"]
[Round "5"]
[White "Weissenberger, Mario"]
[Black "Schoembs, Oliver"]
[Result "1-0"]
[WhiteElo "1673"]
[BlackElo "1864"]
[PlyCount "67"]
[EventDate "2014.05.29"]
[EventType "swiss"]
[EventRounds "7"]
[EventCountry "GER"]
[SourceTitle "EXT 2015"]
[Source "ChessBase"]
[SourceDate "2014.11.20"]
[SourceVersion "1"]
[SourceVersionDate "2014.11.20"]
[SourceQuality "1"]

1. e4 d5 2. exd5 Qxd5 3. Nc3 Qd6 4. d4 Nf6 5. Nf3 c6 6. Be2 Nbd7 7. 0-0 Nb6 8. b3 Bg4 9. h3 h5 10. hxg4 hxg4 11. Ne5 0-0-0 12. Bxg4+ Nxg4 13. Qxg4+ f5 14. Qxf5+ e6 15. Qg4 Be7 16. Nf3 Rh7 17. Bf4 Rdh8 18. g3 Qb4 19. Qxe6+ Kd8 20. Rfe1 Nc8 21. Ne4 Qb5 22. Ne5 Qd5 23. Nf7+ Ke8 24. Qxd5 Rh1+ 25. Kg2 R1h2+ 26. Kf3 cxd5 27. Ned6+ Nxd6 28. Bxd6 Kxf7 29. Rxe7+ Kg6 30. Rxb7 Re8 31. Rxa7 Kh6 32. Bf4+ g5 33. Ra6+ Kh5 34. g4+ 1-0